Statistics for Solve the Secret Harry Potter Character

Click here to take the quiz!

General Stats

  • This quiz has been taken 1,610 times
  • The average score is 11 of 21

Answer Stats

Scramble Character % Correct
NORRon
100%
DEFRFred
99%
OPPPYPoppy
98%
CCDEIRCedric
92%
EFLRUFleur
90%
EEHIMNORHermione
86%
AEIMNRVMinerva
80%
AEMSSUSeamus
64%
CILSUULucius
57%
EGLRSUURegulus
46%
AAACHIRSZZacharias
44%
CDGIORGodric
39%
EEILLNVNeville
34%
AEINPTUPetunia
31%
Secret CharacterABERFORTH
27%
AADHMNOPRYNymphadora
19%
EHIILNOPSUXXenophilius
19%
ADEELNRVLavender
18%
AABDHILTBathilda
16%
ABEILSBlaise
9%
ACELOTAlecto
3%

Score Distribution

Percentile by Number Answered

Percent of People with Each Score

Your Score History

You have not taken this quiz